| 000 | 00451pab a2200181 454500 | ||
|---|---|---|---|
| 008 | 180718b2010 xxu||||| |||| 00| 0 eng d | ||
| 100 | _aBhatia, Navin | ||
| 245 | _aFinancial inclusion in the slums of Mumbai | ||
| 260 | _c2010 | ||
| 300 | _ap.23-26. | ||
| 362 | _a16 Oct | ||
| 650 | _aSlums - India - Maharashtra | ||
| 650 | _aSlums | ||
| 700 | _aChatterjee, Arnav | ||
| 773 | _aEconomic and Political Weekly | ||
| 908 | _aN | ||
| 909 | _a89403 | ||
| 999 |
_c89403 _d89403 |
||